Don Manuel Becerra (Record no. 162183)

MARC details
000 -LEADER
campo de control de longitud fija 00642nam a2200169 i 4500
001 - NÚMERO DE CONTROL
campo de control 162183
003 - IDENTIFICADOR DE NÚMERO DE CONTROL
campo de control ES-MaACL
005 - FECHA Y HORA DE LA ÚLTIMA TRANSACCIÓN
campo de control 20250930063143.0
008 - DATOS DE LONGITUD FIJA--INFORMACIÓN GENERAL
campo de control de longitud fija 960201s1885 sp |||| |bspa d
100 1# - ENTRADA PRINCIPAL--NOMBRE DE PERSONA
Nombre de persona Pino, Francisco del,
Fechas asociadas al nombre fl. 1887
9 (RLIN) 170149
245 10 - MENCIÓN DEL TÍTULO
Título Don Manuel Becerra
Resto del título : apuntes biográficos /
Mención de responsabilidad, etc. por Francisco del Pino...
260 ## - PUBLICACIÓN, DISTRIBUCIÓN, ETC.
Lugar de publicación, distribución, etc. Madrid :
Nombre del editor, distribuidor, etc. [s.n.],
Fecha de publicación, distribución, etc. 1885 (
Fabricante Est. tip. "Sucesores de Rivadeneyra")
300 ## - DESCRIPCIÓN FÍSICA
Extensión XV, 190 p. ;
Dimensiones 22 cm.
600 14 - PUNTO DE ACCESO ADICIONAL DE MATERIA--NOMBRE DE PERSONA
Nombre de persona Becerra, Manuel,
Fechas asociadas al nombre 1823-1896
9 (RLIN) 26880
852 ## - LOCALIZACIÓN
Ubicación ES-MaACL
Número de control de estantería T-466-F-9
Nota libre - Enc. hol.
condición física - Falto de cub. original
Nota libre - Enc. en un vol. facticio
Holdings
Estatus retirado Estado de pérdida Estado de daño No para préstamo Colección Biblioteca de origen Biblioteca actual Ubicación en estantería Fecha de adquisición Total de préstamos Signatura topográfica completa Código de barras Visto por última vez Precio de reemplazo Tipo de ítem Koha
        Colección de folletos Biblioteca del Ateneo de Madrid Biblioteca del Ateneo de Madrid Depósito folletos 17/01/2008   T-466-F-9 1169905 23/02/2023 23/02/2023 Folleto